Hottest, coldest, highest, deepest / (Record no. 3027)

MARC details
000 -LEADER
fixed length control field 00848pam a2200253 a 4500
005 - DATE AND TIME OF LATEST TRANSACTION
control field 20250320144016.0
020 ## - INTERNATIONAL STANDARD BOOK NUMBER
International Standard Book Number 9780439785099
040 ## - CATALOGING SOURCE
Original cataloging agency DLC
Transcribing agency DLC
Modifying agency DLC
Language of cataloging eng
050 00 - LIBRARY OF CONGRESS CALL NUMBER
Classification number G133.J46
Item number 1998
082 00 - DEWEY DECIMAL CLASSIFICATION NUMBER
Classification number 910
100 1# - MAIN ENTRY--PERSONAL NAME
Personal name Jenkins, Steve
Dates associated with a name 1952-
245 10 - TITLE STATEMENT
Title Hottest, coldest, highest, deepest /
Statement of responsibility, etc. Steve Jenkins.
260 ## - PUBLICATION, DISTRIBUTION, ETC.
Place of publication, distribution, etc. New York :
Name of publisher, distributor, etc. Scholastic ,
Date of publication, distribution, etc. 1998
300 ## - PHYSICAL DESCRIPTION
Extent 30 unnumbered pages :
Other physical details color illustrations. maps ;
Dimensions 21 cm.
505 ## - FORMATTED CONTENTS NOTE
Formatted contents note Z <br/>
520 ## - SUMMARY, ETC.
Summary, etc. Describes some of the remarkable places on earth, including the hottest, coldest, windiest, snowiest, highest, and deepest.
521 ## - TARGET AUDIENCE NOTE
Target audience note 1000 <br/>
Source Lexile <br/>
521 ## - TARGET AUDIENCE NOTE
Target audience note Z <br/>
Source Raz-Plus <br/>
650 #0 - SUBJECT ADDED ENTRY--TOPICAL TERM
Topical term or geographic name entry element Geography
General subdivision Juvenile literature.
650 #1 - SUBJECT ADDED ENTRY--TOPICAL TERM
Topical term or geographic name entry element Geography
General subdivision Miscellanea.
906 ## - LOCAL DATA ELEMENT F, LDF (RLIN)
a 7
b cbc
c orignew
d 1
e ocip
f 19
g y-gencatlg
942 ## - ADDED ENTRY ELEMENTS (KOHA)
Source of classification or shelving scheme Dewey Decimal Classification
Koha item type Books
Suppress in OPAC No
999 ## -
-- 3027
-- 3027
Holdings
Withdrawn status Lost status Source of classification or shelving scheme Damaged status Not for loan Collection Home library Current library Shelving location Date acquired Total Checkouts Full call number Barcode Date last seen Copy number Price effective from Koha item type Date last checked out
    Dewey Decimal Classification     Non-Fiction Footprints International School Library Network Toul Tom Poung Campus Footprints International School Library Network Toul Tom Poung Campus TTP Secondary Non-Fiction Bookshelves 01/31/2024   JEN 910 G133.J46 2024-0068 01/31/2024 1 01/31/2024 Books  
    Dewey Decimal Classification     Non-Fiction Footprints International School Library Network Toul Tom Poung Campus Footprints International School Library Network Toul Tom Poung Campus TTP Secondary Non-Fiction Bookshelves 01/31/2024 1 JEN 910 G133.J46 FISBK02134 03/13/2025 2 01/31/2024 Books 03/13/2025
    Dewey Decimal Classification     Non-Fiction Footprints International School Library Network Toul Tom Poung Campus Footprints International School Library Network Toul Tom Poung Campus TTP Secondary Non-Fiction Bookshelves 01/31/2024 1 JEN 910 G133.J46 FISTK03880 03/13/2025 3 01/31/2024 Books 03/13/2025
    Dewey Decimal Classification     Non-Fiction Footprints International School Library Network Toul Tom Poung Campus Footprints International School Library Network Toul Tom Poung Campus TTP Secondary Non-Fiction Bookshelves 03/19/2025   JEN 910 G133.J46 FIS04867 03/19/2025 4 03/19/2025 Books